00528nam a2200121Ia 4500008004100000020001800041245012400059260002200183440001900205650001700224650012400241856004100365171212s9999 xx 000 0 und d a9781760461331 ceditor Hermkens, Anna-Karina;Lepani, KatherineaSinuous ObjectsbRevaluing Women’s Wealth in the Contemporary Pacific bANU E Pressc2017 aPacific Series aAnthropology aWomen -- Pacific Area -- Social conditions; Pacific Area -- Social life and customs; Oceania -- Social life and customs uhttp://jstor.org/stable/j.ctt1vw0p47